| 000 | 00750nam a22002537a 4500 | ||
|---|---|---|---|
| 005 | 20170124105915.0 | ||
| 010 | _aB-181962 | ||
| 020 |
_c395.00 _a8120327454 |
||
| 035 | _aB-181962 | ||
| 037 | _bCen Lib/Ret | ||
| 040 |
_aDPL _bEN |
||
| 082 |
_a005.13 _bHUB |
||
| 100 |
_aHubbard, John R. _9106551 |
||
| 245 |
_aData structure with java / _cby John R. Hubbard [and] Anita Huray |
||
| 246 | _b | ||
| 260 |
_bPrentic hall of India _c2006 _aNew Delhi |
||
| 270 |
_bNew Delhi _aConnaught circus _e110033 |
||
| 300 |
_axxii,613p. _c23cm(pbk) |
||
| 500 | _aIncludes index | ||
| 650 |
_aComputer science _9106552 |
||
| 650 |
_aProgramming languages _91109 |
||
| 700 |
_aHuray, Anita _92377 |
||
| 942 |
_2ddc _cEN _h005.13 _mHUB |
||
| 999 |
_c122801 _d122801 |
||